Biểu tượng nghệ thuật trong thơ Nguyễn Khuyến : Luận văn Thạc sĩ. Chuyên ngành Văn học Việt Nam

Nghiên cứu trình bày các vấn đề về lí thuyết biểu tượng và giới thiệu chung về nhà thơ Nguyễn Khuyến, biểu tượng có nguồn gốc từ hình ảnh thiên nhiên, từ vật thể nhân tạo và con người trong thơ Nguyễn Khuyến...

Cur síos iomlán

Đã lưu trong:
Sonraí Bibleagrafaíochta
Príomhúdar: Nguyễn, Minh Giáp
Formáid: Leabhar
Teanga:Undetermined
Foilsithe: Cần Thơ Trường Đại học Cần Thơ 2019
Ábhair:
Clibeanna: Cuir Clib Leis
Gan Chlibeanna, Bí ar an gcéad duine leis an taifead seo a chlibeáil!
Thư viện lưu trữ: Trung tâm Học liệu Trường Đại học Cần Thơ
LEADER 01184nam a2200229Ia 4500
001 CTU_232553
008 210402s9999 xx 000 0 und d
082 |a 895.9221009 
082 |b Gi109 
088 |a 8220121 
100 |a Nguyễn, Minh Giáp 
245 0 |a Biểu tượng nghệ thuật trong thơ Nguyễn Khuyến : 
245 0 |b Luận văn Thạc sĩ. Chuyên ngành Văn học Việt Nam 
245 0 |c Nguyễn Minh Giáp ; Nguyễn Kim Châu (Cán bộ hướng dẫn) 
260 |a Cần Thơ 
260 |b Trường Đại học Cần Thơ 
260 |c 2019 
520 |a Nghiên cứu trình bày các vấn đề về lí thuyết biểu tượng và giới thiệu chung về nhà thơ Nguyễn Khuyến, biểu tượng có nguồn gốc từ hình ảnh thiên nhiên, từ vật thể nhân tạo và con người trong thơ Nguyễn Khuyến 
650 |a Vietnamese poetry,Thơ Việt Nam 
650 |x History and criticism,Lịch sử và phê bình 
910 |b nthai 
980 |a Trung tâm Học liệu Trường Đại học Cần Thơ